Song By Music Video #1 - Statistics

General Stats
  • This quiz has been taken 45 times
  • The average score is 8 of 20
Answer Stats
Picture Hint Answer % Correct
Rick Astley Never Gonna Give You Up
93%
Queen Bohemian Rhapsody
90%
A-ha Take On Me
81%
Gotye Somebody That I Used To Know
79%
Elvis Presley Jailhouse Rock
67%
ABBA Dancing Queen
62%
Foster The People Pumped Up Kicks
55%
Eminem Stan
55%
Crazy Frog Axel F
48%
The Beatles Help!
26%
Creedence Clearwater Revival Fortunate Son
24%
Marshmello Alone
19%
Bloodhoung Gang The Bad Touch
19%
Avicii Waiting For Love
19%
O-Zone Dragostea Din Tei
17%
Run-D.M.C. It's Tricky
17%
Gorillaz On Melancholy Hill
10%
Basshunter DotA
7%
The Jam Town Called Malice
7%
Dizzee Rascal Bassline Junkie
5%
No matching quizzes found
Score Distribution
Percent of People with Each Score
Percentile by Number Answered
Your Score History
You have not taken this quiz